000 01257namaa22003251i 4500
005 20260423104117.0
008 260423s1994 ua a|||frm||| 000 0 eng d
040 _aEG-GICUC
_beng
_cEG-GICUC
_dEG-GICUC
_erda
041 0 _aeng
_beng
_bara
049 _aDeposit
097 _aM.Sc
099 _aCai01.11.18.M.Sc.1994.Wa.W
100 0 _aWaleed Sabry Osman,
_epreparation.
245 1 0 _aWhite blood cell aggregation in cigarette smokers /
_cBy Waleed Sabry Osman ; Supervised Prof. Dr. Fouad Elnawawy, Dr. Hoda Sadek, Dr. Mohamed Talaat
246 1 5 _aتجمع كرات الدم البيضاء في مدخني السجائر
264 0 _c1994.
300 _a89 Leaves
_billustrations
_c30 cm. +
336 _2rda content
_atext
337 _2rdamedia
_aUnmediated
338 _2rdacarrier
_avolume
502 _aThesis (M.Sc.)-Cairo University, 1994
504 _aBibliography: pages 76-89
653 0 _acigarette smokers
700 0 _aFouad Elnawawy
_ethesis advisor.
700 0 _aHoda Sadek
_ethesis advisor.
700 0 _aMohamed Talaat
_ethesis advisor.
900 _DDepartment of Internal Medicine
_FFaculty of Medicine
_UCairo University
_b1994
_cFouad Elnawawy
_cHoda Sadek
_cMohamed Talaat
905 _aNehad
942 _2ddc
_cTH
_e21
_n0
999 _c179692